| 000 | 00884nam a2200277 a 4500 | ||
|---|---|---|---|
| 003 | MX-MxUPN | ||
| 005 | 20240816125743.0 | ||
| 008 | 991125s1914 mx dr 000 0 spa d | ||
| 035 | _aUPN01000026402 | ||
| 040 |
_aMX-MxUPN _bspa _cMX-MxUPN |
||
| 041 |
_aspa _hfre |
||
| 050 | 4 |
_aPA2071 _bR5.38 1914 |
|
| 100 | 1 |
_aRiemann, Othon, _953075 _d1853-1891 |
|
| 100 | 1 |
_aGoelzer, E., _953077 |
|
| 245 | 1 | 0 |
_aGramática latina : _bcurso preparatoria |
| 250 | _aSegunda edición | ||
| 260 |
_aMorelia : _bTipografía de Agustín Martínez Mier, _c1914. |
||
| 300 |
_aii, 172, 36 páginas : _bcuadros |
||
| 490 | 0 | _aCurso de latinidad | |
| 500 | _a"Teoría y ejercicios, temas y versiones, ejercicios de memoria, vocabularios" | ||
| 650 | 4 |
_aLatín _xEstudio y enseñanza _923836 |
|
| 902 | _bMaríaRobles/160824 | ||
| 904 |
_aAC _b026403 |
||
| 905 | _aLibro | ||
| 942 |
_2lcc _cLIBRO _n0 |
||
| 999 |
_c26402 _d26402 |
||